Normal view
MARC view
Entry Nombre geográfico
001 - NÚMERO DE CONTROL
- campo de control: 31788
003 - IDENTIFICADOR DEL NÚMERO DE CONTROL
- campo de control: FranzMayer
005 - FECHA Y HORA DE LA ÚLTIMA TRANSACCIÓN
- campo de control: 20260530113856.0
008 - DATOS DE LONGITUD FIJA
- campo de control de longitud fija: 260530|| aca||aabn | a|a d
040 ## - FUENTE DE LA CATALOGACIÓN
- Centro catalogador/agencia de origen: FranzMayer
- Centro/agencia transcriptor: FranzMayer
151 ## - ENCABEZAMIENTO--NOMBRE GEOGRÁFICO
- Nombre geográfico: Colonia Hipodromo (Distrito Federal)
- Subdivisión de forma: Catalogos
- Subdivisión general: Edificios, estructuras, etc
670 ## - FUENTE DE DATOS ENCONTRADOS
- Cita de la fuente: Work cat.: (FranzMayer)11638: Flores Garcia, Marisol, autor 31786, Guia de recorridos urbanos en la colonia Hipodromo /